[Event "Cherepovets North Cup"]
[Site "Cherepovets"]
[Date "2012.02.26"]
[Round "7"]
[White "Sargsjan, Vardges"]
[Black "Lomako, Pavel"]
[Result "0-1"]
[WhiteElo "2187"]
[BlackElo "2385"]
[PlyCount "120"]
[EventDate "2012.02.22"]
[EventType "tourn"]
[EventRounds "9"]
[EventCountry "RUS"]
[EventCategory "2"]
[SourceTitle "EXT 2013"]
[Source "ChessBase"]
[SourceDate "2012.11.22"]
[SourceVersion "1"]
[SourceVersionDate "2012.11.22"]
[SourceQuality "1"]

1. d4 Nf6 2. Nf3 e6 3. Bg5 h6 4. Bxf6 Qxf6 5. e4 d6 6. Bd3 e5 7. Nc3 c6 8. Be2 Nd7 9. Qd2 Qd8 10. 0-0 Be7 11. Rad1 0-0 12. Qe3 Bf6 13. dxe5 dxe5 14. Rd2 Qb6 15. Qxb6 Nxb6 16. h3 Be6 17. Rfd1 a5 18. g4 Bg5 19. Nxg5 hxg5 20. a4 Rfb8 21. b3 Kf8 22. Kg2 Ke7 23. Bf1 Nd7 24. Rd6 Nf8 25. Kf3 Ng6 26. Bc4 Rh8 27. Bf1 Rh6 28. Ne2 Rah8 29. Ng1 Nf4 30. Kg3 Rh4 31. f3 Bd5 32. R6xd5 cxd5 33. exd5 Kd6 34. c4 R4h6 35. Kf2 Kc5 36. Ke3 Rb6 37. Rb1 Rb4 38. Ne2 Nxe2 39. Kxe2 Rh6 40. Kd3 Rf6 41. Be2 Rf4 42. Ke3 Rb6 43. Bf1 Rd4 44. Bd3 Rh6 45. Rh1 Kb4 46. Kd2 b6 47. Kc2 Rf4 48. Be4 Kc5 49. Kc3 g6 50. Rd1 Kd6 51. b4 f5 52. c5+ bxc5 53. bxc5+ Kxc5 54. gxf5 gxf5 55. Bc2 Rxf3+ 56. Kd2 e4 57. Rb1 Kxd5 58. Rb5+ Kd4 59. Rxa5 Rf2+ 60. Kc1 Rc6 0-1

[Event "Cherepovets North Cup"]
[Site "Cherepovets"]
[Date "2012.02.23"]
[Round "2"]
[White "Sargsjan, Vardges"]
[Black "Chigaev, Maksim"]
[Result "0-1"]
[WhiteElo "2187"]
[BlackElo "2397"]
[PlyCount "74"]
[EventDate "2012.02.22"]
[EventType "tourn"]
[EventRounds "9"]
[EventCountry "RUS"]
[EventCategory "2"]
[SourceTitle "EXT 2013"]
[Source "ChessBase"]
[SourceDate "2012.11.22"]
[SourceVersion "1"]
[SourceVersionDate "2012.11.22"]
[SourceQuality "1"]

1. e4 c5 2. Nf3 d6 3. c4 e5 4. Nc3 Nc6 5. d3 g6 6. Be3 Bg7 7. g3 Nge7 8. Qd2 0-0 9. Bg2 Nd4 10. 0-0 Bg4 11. Ne1 Qd7 12. f3 Bh3 13. g4 Bxg2 14. Qxg2 f5 15. Bxd4 cxd4 16. Nd5 Nxd5 17. exd5 b5 18. h4 bxc4 19. dxc4 fxg4 20. Qxg4 Qxg4+ 21. fxg4 Rxf1+ 22. Kxf1 Rf8+ 23. Ke2 e4 24. Rb1 a5 25. b4 axb4 26. Rxb4 Be5 27. a4 Bg3 28. Rb3 Bxh4 29. Rh3 g5 30. Nd3 exd3+ 31. Kxd3 Be1 32. Rh6 Bb4 33. a5 Kg7 34. Re6 Bc5 35. Re7+ Rf7 36. Re6 Rf3+ 37. Kd2 Re3 0-1

[Event "Cherepovets Severstal 50"]
[Site "Cherepovets"]
[Date "2005.03.05"]
[Round "7"]
[White "Sargsjan, Vardges"]
[Black "Andreev, Evgenij"]
[Result "1/2-1/2"]
[WhiteElo "2329"]
[BlackElo "2327"]
[PlyCount "160"]
[EventDate "2005.02.21"]
[EventType "tourn"]
[EventRounds "11"]
[EventCountry "RUS"]
[EventCategory "4"]
[SourceTitle "EXT 2006"]
[Source "ChessBase"]
[SourceDate "2005.11.24"]
[SourceVersion "1"]
[SourceVersionDate "2005.11.24"]
[SourceQuality "1"]

1. d4 Nf6 2. c4 e6 3. Nc3 Bb4 4. Nf3 b6 5. Bg5 Bb7 6. Rc1 h6 7. Bxf6 Qxf6 8. a3 Bxc3+ 9. Rxc3 d6 10. g3 0-0 11. Bg2 a5 12. 0-0 e5 13. dxe5 dxe5 14. Nh4 Bxg2 15. Nxg2 Rd8 16. Rd3 Nc6 17. Ne3 e4 18. Rd7 Qxb2 19. Qd5 Rxd7 20. Qxd7 Nd4 21. Qxc7 Nxe2+ 22. Kg2 Qf6 23. Re1 Qf3+ 24. Kf1 Nd4 25. Kg1 Qh5 26. Rd1 Nf3+ 27. Kf1 Nxh2+ 28. Kg2 Nf3 29. Qc6 Qh2+ 30. Kf1 Qh3+ 31. Ke2 Rc8 32. Qxe4 Ng5 33. Qe7 Ne6 34. Rd7 Qh5+ 35. g4 Qg6 36. Kd2 h5 37. gxh5 Qxh5 38. Rd5 Qh6 39. Rd7 Qf4 40. Rd6 Qxf2+ 41. Kd3 Nc5+ 42. Kc3 Qe1+ 43. Kc2 Rf8 44. Rxb6 Qe2+ 45. Kb1 Na4 46. Rb7 Nc3+ 47. Kc1 g6 48. Qe5 Nd1 49. Re7 Nxe3 50. Qxe3 Qxc4+ 51. Kd2 Qd5+ 52. Ke1 Rd8 53. Re8+ Rxe8 54. Qxe8+ Kg7 55. Kf2 g5 56. Qb8 Qe4 57. Qb5 Qf4+ 58. Kg1 a4 59. Qb2+ f6 60. Qb7+ Kg6 61. Qd5 Qg4+ 62. Kh2 Qf4+ 63. Kg1 Qc1+ 64. Kg2 Qxa3 65. Qg8+ Kf5 66. Qd5+ Kf4 67. Qd4+ Kf5 68. Qd5+ Kg6 69. Qg8+ Kh6 70. Qh8+ Kg6 71. Qg8+ Kf5 72. Qd5+ Kf4 73. Qd4+ Kf5 74. Qd5+ Kf4 75. Qd4+ Kf5 76. Qd5+ Kg6 77. Qg8+ Kf5 78. Qd5+ Kg4 79. Qe4+ Kh5 80. Qh7+ Kg4 1/2-1/2

[Event "Cherepovets Severstal 50"]
[Site "Cherepovets"]
[Date "2005.03.03"]
[Round "7"]
[White "Sargsjan, Vardges"]
[Black "Borisenko, Andrei"]
[Result "0-1"]
[WhiteElo "2329"]
[BlackElo "2372"]
[PlyCount "54"]
[EventDate "2005.02.21"]
[EventType "tourn"]
[EventRounds "11"]
[EventCountry "RUS"]
[EventCategory "4"]
[SourceTitle "EXT 2006"]
[Source "ChessBase"]
[SourceDate "2005.11.24"]
[SourceVersion "1"]
[SourceVersionDate "2005.11.24"]
[SourceQuality "1"]

1. c4 e5 2. Nf3 Nc6 3. g3 f5 4. d3 Nf6 5. Bg2 g6 6. Nc3 Bg7 7. 0-0 0-0 8. Rb1 d6 9. b4 h6 10. h4 Nh5 11. Qc2 f4 12. Ne4 Bf5 13. Kh2 Qd7 14. Bd2 Rae8 15. b5 Nd4 16. Nxd4 exd4 17. Bb4 Be5 18. Bf3 Bxe4 19. Bxh5 gxh5 20. dxe4 Qg4 21. Qd3 f3 22. Rh1 Re7 23. e3 Rg7 24. Be1 Bxg3+ 25. fxg3 f2 26. Rg1 fxe1Q 27. Rbxe1 Rf2+ 0-1

[Event "Cherepovets Severstal 50"]
[Site "Cherepovets"]
[Date "2005.02.26"]
[Round "2"]
[White "Sargsjan, Vardges"]
[Black "Rakhmanov, Alexander"]
[Result "0-1"]
[WhiteElo "2329"]
[BlackElo "2237"]
[PlyCount "88"]
[EventDate "2005.02.21"]
[EventType "tourn"]
[EventRounds "11"]
[EventCountry "RUS"]
[EventCategory "4"]
[SourceTitle "EXT 2006"]
[Source "ChessBase"]
[SourceDate "2005.11.24"]
[SourceVersion "1"]
[SourceVersionDate "2005.11.24"]
[SourceQuality "1"]

1. c4 c5 2. g3 Nf6 3. Nf3 b6 4. Bg2 Bb7 5. Nc3 e6 6. 0-0 Be7 7. a3 0-0 8. Rb1 d6 9. d3 Nbd7 10. e4 a6 11. h3 Qc7 12. Qe2 Rfe8 13. Bf4 Nh5 14. Bd2 Nhf6 15. Rfe1 Rad8 16. Nh2 Ne5 17. f4 Nc6 18. Nf3 Nd4 19. Nxd4 cxd4 20. Nd1 b5 21. cxb5 axb5 22. Nf2 Rc8 23. Rec1 Qb6 24. Bb4 Nd7 25. Rxc8 Rxc8 26. e5 Bxg2 27. Kxg2 Bf8 28. Kh2 dxe5 29. Bxf8 Kxf8 30. fxe5 Qc7 31. Re1 Qc2 32. Kg2 Qxe2 33. Rxe2 Rc5 34. b4 Rc3 35. Re4 Ke7 36. Rxd4 Nxe5 37. Kf1 Rxa3 38. Ke2 Rb3 39. Ne4 Rb2+ 40. Kf1 Nf3 41. Rd6 Nd2+ 42. Nxd2 Kxd6 43. Ne4+ Ke5 44. Ng5 f6 0-1

[Event "Cherepovets"]
[Site "Cherepovets"]
[Date "2002.??.??"]
[Round "?"]
[White "Bratchenko, Alexander"]
[Black "Sargsjan, Vardges"]
[Result "1/2-1/2"]
[WhiteElo "2384"]
[BlackElo "2337"]
[PlyCount "68"]
[EventDate "2002.02.??"]
[EventType "tourn"]
[EventRounds "14"]
[EventCountry "RUS"]
[EventCategory "6"]
[SourceTitle "EXT 2003"]
[Source "ChessBase"]
[SourceDate "2002.11.25"]
[SourceVersion "1"]
[SourceVersionDate "2002.11.25"]
[SourceQuality "1"]

1. d4 d5 2. c4 e6 3. Nf3 Nf6 4. Nc3 Be7 5. Bg5 Ne4 6. Bxe7 Qxe7 7. Qc2 Nxc3 8. Qxc3 0-0 9. e3 a5 10. a3 c6 11. Rc1 Nd7 12. Be2 Re8 13. 0-0 dxc4 14. Bxc4 e5 15. h3 e4 16. Nd2 Nf6 17. Ba2 Be6 18. Bxe6 Qxe6 19. Qb3 Qxb3 20. Nxb3 Nd7 21. Nc5 Nxc5 22. Rxc5 f6 23. g4 Re6 24. Rfc1 Rd6 25. b4 axb4 26. axb4 Kf7 27. Kg2 Ke6 28. b5 Ra5 29. bxc6 Rxc5 30. Rxc5 bxc6 31. Rh5 h6 32. Kg3 Rd5 33. Kf4 Rxh5 34. gxh5 f5 1/2-1/2

[Event "Novaya Ladoga"]
[Site "Novaya Ladoga"]
[Date "2002.??.??"]
[Round "10"]
[White "Bystrov, Sergej Mikhailovich"]
[Black "Sargsjan, Vardges"]
[Result "1-0"]
[WhiteElo "2410"]
[BlackElo "2337"]
[PlyCount "65"]
[EventDate "2002.??.??"]
[EventType "tourn"]
[EventRounds "11"]
[EventCountry "RUS"]
[EventCategory "8"]
[SourceTitle "EXT 2003"]
[Source "ChessBase"]
[SourceDate "2002.11.25"]
[SourceVersion "1"]
[SourceVersionDate "2002.11.25"]
[SourceQuality "1"]

1. d4 d5 2. c4 e6 3. Nc3 Nf6 4. cxd5 exd5 5. Bf4 c6 6. Nf3 Nbd7 7. e3 Nh5 8. Bg3 Nxg3 9. hxg3 Bd6 10. Bd3 Nf6 11. Qc2 Qe7 12. 0-0-0 h6 13. Nh4 Bg4 14. Rde1 0-0 15. Bf5 Bxf5 16. Nxf5 Qd7 17. f3 Rfe8 18. g4 Bb4 19. Rh4 Re6 20. Reh1 Nh7 21. Ne2 Bd6 22. f4 Rc8 23. g5 c5 24. Nc3 cxd4 25. exd4 Be7 26. Kb1 Bd8 27. Qd3 Nxg5 28. fxg5 Bxg5 29. Rh5 Rce8 30. Rxg5 Re1+ 31. Kc2 Rxh1 32. Rxg7+ Kf8 33. Rg8+ 1-0

[Event "Novaya Ladoga"]
[Site "Novaya Ladoga"]
[Date "2002.??.??"]
[Round "8"]
[White "Gusev, Leonid"]
[Black "Sargsjan, Vardges"]
[Result "0-1"]
[WhiteElo "2239"]
[BlackElo "2337"]
[PlyCount "84"]
[EventDate "2002.??.??"]
[EventType "tourn"]
[EventRounds "11"]
[EventCountry "RUS"]
[EventCategory "8"]
[SourceTitle "EXT 2003"]
[Source "ChessBase"]
[SourceDate "2002.11.25"]
[SourceVersion "1"]
[SourceVersionDate "2002.11.25"]
[SourceQuality "1"]

1. e4 e5 2. Nf3 Nc6 3. Bb5 a6 4. Bxc6 dxc6 5. d4 exd4 6. Qxd4 Qxd4 7. Nxd4 Bc5 8. Be3 Ne7 9. Nd2 0-0 10. N2b3 Bd6 11. 0-0 f5 12. Rfe1 fxe4 13. Nd2 Nd5 14. Nxe4 Nxe3 15. Rxe3 Be5 16. Rd3 Rf4 17. Re1 c5 18. Nb3 c4 19. Rd8+ Rf8 20. Rxf8+ Kxf8 21. Na5 Bxb2 22. Nxc4 Bd4 23. Ng5 Bf5 24. Ne6+ Bxe6 25. Rxe6 Kf7 26. Re4 Rd8 27. h3 b5 28. Ne5+ Bxe5 29. Rxe5 Rd1+ 30. Kh2 Ra1 31. Rc5 Rxa2 32. Rxc7+ Kf6 33. Kg3 b4 34. Rc6+ Ke5 35. Rc7 g6 36. Rxh7 Rxc2 37. Rb7 Rc3+ 38. f3 b3 39. Rb6 a5 40. Rxg6 a4 41. Rg5+ Kf6 42. Rb5 a3 0-1

[Event "Novaya Ladoga"]
[Site "Novaya Ladoga"]
[Date "2002.??.??"]
[Round "6"]
[White "Sargsjan, Vardges"]
[Black "Novik, Maxim"]
[Result "0-1"]
[WhiteElo "2337"]
[BlackElo "2466"]
[PlyCount "64"]
[EventDate "2002.??.??"]
[EventType "tourn"]
[EventRounds "11"]
[EventCountry "RUS"]
[EventCategory "8"]
[SourceTitle "EXT 2003"]
[Source "ChessBase"]
[SourceDate "2002.11.25"]
[SourceVersion "1"]
[SourceVersionDate "2002.11.25"]
[SourceQuality "1"]

1. d4 d5 2. c4 e6 3. Nc3 c5 4. cxd5 exd5 5. Nf3 Nc6 6. e3 Nf6 7. Be2 cxd4 8. Nxd4 Bd6 9. Bf3 Be5 10. 0-0 0-0 11. Nce2 Qd6 12. h3 Ne4 13. Nxc6 Qxc6 14. Nd4 Qf6 15. Qd3 Re8 16. Qb5 Rd8 17. Rd1 a6 18. Qd3 Qh4 19. Qe2 Bd7 20. Bd2 Re8 21. Bxe4 dxe4 22. Be1 Qh6 23. Rac1 Qg6 24. Kh1 Rac8 25. Rxc8 Bxc8 26. Qc4 Bxh3 27. gxh3 Qh5 28. Qb3 Qxh3+ 29. Kg1 Bh2+ 30. Kh1 h6 31. Qc4 Be5+ 32. Kg1 Qg4+ 0-1

[Event "Severstal 45 Jubilee"]
[Site "Cherepovets"]
[Date "2000.??.??"]
[Round "4"]
[White "Cheremin, Stepan"]
[Black "Sargsjan, Vardges"]
[Result "0-1"]
[WhiteElo "2324"]
[BlackElo "2228"]
[PlyCount "77"]
[EventDate "2000.??.??"]
[EventType "tourn"]
[EventRounds "13"]
[EventCountry "RUS"]
[SourceTitle "EXT 2001"]
[Source "ChessBase"]
[SourceDate "2000.11.22"]
[SourceVersion "1"]
[SourceVersionDate "2000.11.22"]
[SourceQuality "1"]

1. e4 c5 2. Nf3 Nc6 3. Nc3 d6 4. d4 cxd4 5. Nxd4 Nf6 6. Bc4 e6 7. 0-0 Be7 8. Kh1 a6 9. Bb3 0-0 10. f4 Qa5 11. f5 Nxd4 12. Qxd4 Ng4 13. fxe6 Bxe6 14. Nd5 Bxd5 15. Bxd5 Rac8 16. Qd3 Rc7 17. Qg3 Qb5 18. c4 Qd7 19. Rf5 Ne5 20. Bf4 Ng6 21. Rf1 Bh4 22. Qa3 Nxf4 23. R1xf4 Qd8 24. Qf3 b5 25. Bxf7+ Kh8 26. Qh5 h6 27. Bg6 Bf6 28. g4 Rxc4 29. g5 Rc1+ 30. Kg2 Rc2+ 31. Kh3 Rxh2+ 32. Kxh2 Be5 33. gxh6 Bxf4+ 34. Kh3 Bxh6 35. Bf7 Qc7 36. Rf6 Qc1 37. Rf2 Qh1+ 38. Rh2 Qxe4 39. Rf2 0-1

[Event "Severstal 45 Jubilee"]
[Site "Cherepovets"]
[Date "2000.??.??"]
[Round "6"]
[White "Shalaev, Nikolay"]
[Black "Sargsjan, Vardges"]
[Result "0-1"]
[WhiteElo "2222"]
[BlackElo "2228"]
[PlyCount "92"]
[EventDate "2000.??.??"]
[EventType "tourn"]
[EventRounds "13"]
[EventCountry "RUS"]
[SourceTitle "EXT 2001"]
[Source "ChessBase"]
[SourceDate "2000.11.22"]
[SourceVersion "1"]
[SourceVersionDate "2000.11.22"]
[SourceQuality "1"]

1. d4 d5 2. Nf3 Nf6 3. c4 e6 4. Nc3 Be7 5. Bg5 Nbd7 6. e3 0-0 7. Bd3 Re8 8. 0-0 b6 9. Rc1 dxc4 10. Bxc4 Bb7 11. a3 Nd5 12. Bxe7 Qxe7 13. Nxd5 exd5 14. Bb5 Rec8 15. Qa4 Nf6 16. Ne5 c5 17. Ba6 Bxa6 18. Qxa6 Rab8 19. Qb5 h5 20. h3 Ne4 21. a4 Qe8 22. Qe2 f6 23. Nd3 cxd4 24. exd4 Qxa4 25. Ra1 Qc2 26. Qxh5 Qxd3 27. Qxd5+ Kh8 28. Qh5+ Kg8 29. Qd5+ Kh8 30. Ra3 Qc2 31. Qh5+ Kg8 32. Rxa7 Ng5 33. f4 Qh7 34. Qe2 Rc2 35. Qg4 Nf7 36. Qe6 Rf8 37. f5 Qh4 38. Qd5 Rd2 39. Rd7 Qg3 40. Kh1 Kh7 41. Qb7 Rxb2 42. Rg1 Nh6 43. Qe4 Rf2 44. Qe7 Rf7 45. Qe6 Rxd7 46. Qxd7 Ng4 0-1